000 00533nam a2200181Ia 4500
008 100917s9999 xx 000 0 und d
082 _b2299
100 _aलेले गंगाधर वामन
245 _aप्रस्थान भेद
260 _b---
_c1914
300 _a256
365 _b1.25
520 _aभाषाशास्त्र
630 _aप्रस्थान भेद
650 _aभाषाशास्त्र
730 _aप्रस्थान भेद
942 _cBOOK
999 _c607693
_d607690